000 00659nam a2200265Ia 4500
005 20260121170624.0
008 008 260114s9999 xx 000 0 eng d
020 _a9783319772585
037 _aEBOOK
040 _aCRL
040 _beng
040 _cCRL
041 _2eng
041 _aeng
084 _qCRL
100 _aJosé A. Stoute
_91066133
245 0 _aComplement Activation in Malaria Immunity and Pathogenesis
260 _bSpringer
260 _bSpringer
260 _c2018
856 _uhttps://link.springer.com/openurl?genre=book&isbn=978-3-319-77258-5
942 _cEBOOK
999 _c1631863
_d1631863